00617nam a22001697a 450000500170000001000150001702000260003203500150005803700140007308200130008710000230010024500890012326000550021227000890026730000240035650000670038020181025103749.0 aENG-124362 c795.00a9789352807741 a EN-107894 bDBAD/PUB. a362.4048 aChakravarti, Upali aDisbility and care work:cby Upali Chakravartibstate, society and invisible lives / aNew DelhibSage Publications India Pvt. Ltd.c2018 aB1/I-1, Mohan Cooperative Industrial Area Mathura Road Post Bag 7bNew Delhie110044 axi,220p.c21cm.(Hb) aIt includes appendix, bibliography, index and about the author